|
|
|
|
| LEADER |
00000nab a2200000 a 4500 |
| 001 |
vtls000150253 |
| 003 |
SK-MaSNL |
| 005 |
20260318122432.0 |
| 008 |
140912c19821983xo 0 slo |
| 015 |
|
|
|a SNBRB19rr/mm-uuuuu
|
| 035 |
|
|
|a CL0160360
|
| 040 |
|
|
|a SNKBUCL
|b slo
|c SNKBUCL
|e AACR2
|
| 041 |
0 |
|
|a slo
|
| 044 |
|
|
|a xo
|c SK
|
| 080 |
|
|
|a 373.24
|2 1981
|
| 080 |
|
|
|a 371.382
|2 1981
|
| 080 |
|
|
|a 373.211.24
|2 1981
|
| 100 |
1 |
|
|a Mišurcová, Věra,
|d 1926-
|4 aut
|9 107950
|
| 245 |
1 |
0 |
|a Méhes, B. V.: Az óvónö és az óvodai játék
|c Věra Mišurcová
|
| 650 |
0 |
7 |
|a materské školy
|2 snkbucl
|9 1278
|
| 650 |
0 |
7 |
|a učiteľky materských škôl
|2 snkbucl
|9 19110
|
| 650 |
0 |
7 |
|a detské hry
|2 snkbucl
|9 3287
|
| 650 |
0 |
7 |
|a príručky
|2 snkbucl
|9 308973
|
| 655 |
|
7 |
|a recenzie
|2 snkbucl
|9 21907
|
| 655 |
|
7 |
|a články z novín a časopisov
|2 snkbucl
|9 267496
|
| 773 |
0 |
|
|t Predškolská výchova
|g Roč. 37, č. 9 (1982/1983), s. 41
|
| 787 |
0 |
8 |
|i Rec.:
|a Méhes, B. V.
|t Az óvónö és az óvodai játék
|d Budapest : Tankönyv kiadó, 1982
|
| 850 |
|
|
|a Slovenská národná knižnica v Martine
|a MTA001
|
| 852 |
|
|
|a SNK
|b KIS3GCP
|
| 958 |
|
|
|a RK
|
| 958 |
|
|
|a HU
|
| 992 |
|
|
|a RBX
|
| 999 |
|
|
|c 3087621
|d 3089551
|